| 000 | 01144nam a22002537a 4500 | ||
|---|---|---|---|
| 999 |
_c10280 _d10280 |
||
| 005 | 20251125232826.0 | ||
| 008 | s2543 th tha d | ||
| 020 | _a9747403528 | ||
| 040 | _aNALT | ||
| 041 | _atha | ||
| 050 | _aDS578.3 ส889 2543 | ||
| 245 | 1 | 0 | _aเส้นทางนักสู้ศรีสะเกษ : จากกบฎผู้มีบุญ ถึงกบฎคูซอด และกบฎประชาธิปไตย |
| 260 | 3 |
_aกรุงเทพฯ : _bคณะกรรมการจัดงานเชิดชูนักสู้เพื่อประชาธิปไตย, _c2543 |
|
| 300 |
_a143 หน้า : _b ภาพประกอบ ; _c 18 ซม. |
||
| 650 | 0 | 4 | _aกบฏคูซอด |
| 650 | 0 | 4 | _aกบฏประชาธิปไตย |
| 650 | 0 | 4 | _aกบฏผีบุญ |
| 650 | 0 | 4 | _aผู้นำชุมชน -- ศรีสะเกษ |
| 650 | 0 | 4 | _aผู้นำทางการเมือง -- ไทย |
| 850 | _aNALT | ||
| 856 | 4 | 0 |
_uhttps://hdl.handle.net/20.500.14156/410534 _71 |
| 942 |
_cGB _2lcc |
||